000 00611nam a22001697a 4500
020 _qHard Cover.
082 _a200
100 _aFahim Ufaq,
245 _aA STUDY ON THE EFFECT OF KARACHI HARBOR WATER ON THE INTEGRITY OF PAINT COATINGS /
_cUfaq Fahim.
260 _aKarachi :
_bPNEC - NUST,
_c2014.
300 _axiii, 49 p. : ill. ;
_c30cm.
650 _aMS- Industrial and Manufacturing Engineering
_9128795
700 _aSupervisor: Dr. Aqeel Shah.
_9127295
856 _uhttp://10.250.8.41:8080/xmlui/handle/123456789/41231
942 _2ddc
_cSC
999 _c535466
_d535466